00414nam a2200133Ia 4500020001800000082002400018100002100042245008400063260004000147300001500187650003000202650002500232650002300257 a9788183703451 a305.80095417bTIV-H aTiba, Th. Robert 0aHistory and culture of the Maram Nagas: a reconstruction from oral and folklore aNew DelhibAkansha Publishingc2013 axviii, 250 aNAGA (SOUTH ASIAN PEOPLE) aMARAM (INDIC PEOPLE) aTRIBEs AND TRIBALS